Pays les plus proches du Libéria - Statistiques

Statistiques générales
  • Ce quiz a été pris 97 fois
  • Le résultat moyen est 17 sur 20
Statistiques - réponses
km pays % Correct
997 Bénin
97%
0 Guinée
97%
452 Sénégal
97%
886 Togo
97%
0 Côte d'Ivoire
96%
281 Mali
96%
721 Mauritanie
96%
519 Guinée-Bissau
94%
1203 Niger
94%
665 Gambie
92%
1118 Nigeria
92%
469 Ghana
89%
1778 Cameroun
88%
0 Sierra Leone
88%
1574 Cabo Verde
85%
1811 Algérie
77%
1620 Sao Tomé-et-Principe
75%
450 Burkina Faso
70%
1773 Guinée Équatoriale
70%
1458 Sahara occidental
16%
Aucun quiz correspondant
Distribution des résultats
% des personnes avec chaque résultat
Percentile par nombre de réponses
Votre historique - résultats
Vous n’avez pas pris ce quiz